Análisis de mercados latinoamericanos de capitales
Furkejuvvon:
| Váldodahkkit: | , |
|---|---|
| Materiálatiipa: | Girji |
| Giella: | espánnjágiella |
| Almmustuhtton: |
Ciudad de México
Cemla
1969
|
| Ráidu: | Estudios
|
| Fáttát: | |
| Fáddágilkorat: |
Lasit fáddágilkoriid
Eai fáddágilkorat, Lasit vuosttaš fáddágilkora!
|
MARC
| LEADER | 00000nam a2200000 a 4500 | ||
|---|---|---|---|
| 001 | UCT8661 | ||
| 003 | CL-VaPUC | ||
| 008 | 970326e19690000MX |||||||||||||||||spa|d | ||
| 082 | 0 | 4 | |a 332.17 |b BAS |2 21 |
| 100 | 0 | |a Basch, Antonín |e author |9 380536 | |
| 700 | 0 | |a Kybal, Milic |e author |9 380537 | |
| 245 | 1 | 0 | |a Análisis de mercados latinoamericanos de capitales |
| 300 | |a 203 p | ||
| 942 | |c BK | ||
| 945 | |d 19970326 00:00:00 |a paguirre | ||
| 260 | |a Ciudad de México |b Cemla |c 1969 | ||
| 650 | 0 | |a Bancos |9 254963 | |
| 650 | 0 | |a Ahorro |9 351157 | |
| 650 | 0 | |a Capital |9 263726 | |
| 650 | 7 | |a MERCADO FINANCIERO |2 CL-VaPUC |9 320731 | |
| 650 | 0 | |a Desarrollo económico y social |9 256320 | |
| 651 | 0 | |a Argentina |9 254888 | |
| 651 | 0 | |a Brasil |9 267393 | |
| 651 | 0 | |a Colombia |9 256424 | |
| 651 | 0 | |a México |9 255269 | |
| 651 | 0 | |a Perú |9 256567 | |
| 651 | 0 | |a Venezuela |9 254993 | |
| 583 | |a last modification |c 19970326 00:00:00 |k Rodrigo Vera | ||
| 490 | 0 | |a Estudios | |
| 999 | |c 257148 |d 257146 | ||
| 952 | |0 0 |1 0 |4 0 |6 332_170000000000000_BAS_1969 |7 0 |8 P |9 280408 |a BIBDER |b BIBDER |d 2019-11-19 |i 1815024 |o 332.17 BAS 1969 |p 1815024 |r 2023-01-25 |w 2019-11-19 |y BK |k DER | ||